[Event "Titled Tuesday intern op 12th Dec Early"]
[Site "Chess.com INT"]
[Date "2023.12.12"]
[Round "5"]
[White "Aghasiyev, Kamal"]
[Black "Kazakouski, Valery"]
[Result "0-1"]
[WhiteElo "2441"]
[BlackElo "2586"]
[PlyCount "94"]
[EventDate "2023.12.12"]
[EventType "swiss (blitz)"]
[EventRounds "11"]
[EventCountry "USA"]
[SourceTitle "CB51_2023"]
[SourceDate "2023.12.20"]
[SourceVersion "1"]
[SourceVersionDate "2023.12.20"]
[SourceQuality "1"]

1. e4 c5 2. Nf3 a6 3. c3 d5 4. exd5 Qxd5 5. d4 Bg4 6. Be2 Nf6 7. 0-0 e6 8. c4 Qd6 9. Be3 Nbd7 10. Nc3 Rc8 11. h3 Bh5 12. Qa4 cxd4 13. Nxd4 Bxe2 14. Ndxe2 Be7 15. c5 Qe5 16. Rad1 Bxc5 17. Bxc5 Rxc5 18. Rfe1 Qc7 19. Rd3 0-0 20. Red1 Ne5 21. Rg3 Rc8 22. Qf4 Ng6 23. Qf3 b5 24. a3 Rf5 25. Qe3 h6 26. Nd4 Re5 27. Qf3 Rd8 28. h4 Nh5 29. Rg4 Rd7 30. Nb3 Rxd1+ 31. Qxd1 Nf6 32. Rd4 Kh7 33. g3 Ne7 34. Qd3+ g6 35. Rf4 Kg7 36. Qd4 Nf5 37. Qd2 Qc6 38. Nd4 Nxd4 39. Rxd4 g5 40. hxg5 hxg5 41. Rd6 Qb7 42. Rd4 g4 43. Nd1 Rh5 44. f3 Qxf3 45. Nf2 Qxg3+ 46. Kf1 Qf3 47. Qc3 Rh1# 0-1

[Event "Titled Tuesday intern op 12th Dec Early"]
[Site "Chess.com INT"]
[Date "2023.12.12"]
[Round "8"]
[White "Haring, Filip"]
[Black "Kazakouski, Valery"]
[Result "1-0"]
[WhiteElo "2442"]
[BlackElo "2586"]
[PlyCount "95"]
[EventDate "2023.12.12"]
[EventType "swiss (blitz)"]
[EventRounds "11"]
[EventCountry "USA"]
[SourceTitle "CB51_2023"]
[SourceDate "2023.12.20"]
[SourceVersion "1"]
[SourceVersionDate "2023.12.20"]
[SourceQuality "1"]

1. Nf3 d5 2. c4 d4 3. b4 f6 4. e3 e5 5. c5 a5 6. Qa4+ Bd7 7. b5 dxe3 8. fxe3 Bxc5 9. Bc4 c6 10. Qb3 a4 11. Qc2 Qb6 12. 0-0 cxb5 13. Bxg8 Rxg8 14. Qxh7 Be6 15. Nc3 b4 16. Ne4 Nd7 17. d4 exd4 18. Nxc5 Nxc5 19. exd4 Nd7 20. Bf4 Nf8 21. Qe4 Qc6 22. d5 Qxd5 23. Qxb4 Nd7 24. Rac1 Kf7 25. Rfd1 Qf5 26. Bg3 Rac8 27. Nd4 Qg4 28. Qd6 Rxc1 29. Rxc1 Re8 30. h3 Qe4 31. Kh2 Kg8 32. Re1 Qd3 33. Rxe6 Rxe6 34. Qxe6+ Kh8 35. Qxd7 Qd2 36. Qe8+ Kh7 37. Qh5+ Kg8 38. Nf5 Qd7 39. Qg6 b5 40. Bf4 Kh8 41. Qxg7+ Qxg7 42. Nxg7 Kxg7 43. Bd6 Kf7 44. a3 Ke6 45. Bb4 Kf5 46. Kg3 Ke4 47. h4 Kf5 48. Kf3 1-0